Music Quiz

Random Music or Song Quiz

Older/Newer Song Common Word Quiz Stats

 Plays Quiz Updated May 23, 2018

Also try: Song Title Mergers
Challenge
Share
Tweet
Embed
Score 0/20 Timer 02:00
8 Plays Today
Pre-1990 Song Missing Word % Correct
With or ___ YouWithout
97%
Material ___Girl
96.7%
Can't Fight This ___Feeling
96.5%
___ ShackLove
89.3%
The ___ of the GameName
88.8%
Happy ___Together
87.9%
Heart of ___Gold
85.9%
___ of Rock and RollHeart
82.6%
___ DreamingCalifornia
82.1%
867-5309/___Jenny
80.2%
Pre-1990 Song Missing Word % Correct
___ by the Dashboard LightParadise
77.2%
Broken ___Wings
74.1%
All ___ The WatchtowerAlong
72.9%
Thank You for the ___Music
61.1%
Invisible ___Touch
60%
___ RosesPaper
46.2%
___ for YouCrazy
43.4%
9 to 5 ( ___ Train)Morning
36.6%
Teen ___Angel
31.8%
___ to LoveSomebody
30.3%

You're not logged in!

Compare scores with friends on all Sporcle quizzes.
Join for Free
OR
Log In

You Might Also Like...

Show Comments

Extras

Top Quizzes Today


Score Distribution

Your Account Isn't Verified!

In order to create a playlist on Sporcle, you need to verify the email address you used during registration. Go to your Sporcle Settings to finish the process.

Report this User

Report this user for behavior that violates our Community Guidelines.

Details: